00354nam a2200109Ia 4500008004100000082001700041100001400058245006600072260003900138630001800177650004900195211122s9999||||xx |||||||||||||| ||und|| a515.3bKIN-D aKing, A C 0aDifferential Equations: Linear, Non Linear, Ordinary, Partial bCambridge UniversityaLondonc2003 xGeneral Stack aNatural SciencesvMathematicsAnalysisPhysics